Delitos empresariales : imputación a las personas físicas /
Guardado en:
| Autor Principal: | |
|---|---|
| Formato: | Libro |
| Idioma: | Spanish |
| Publicado: |
Santa Fe :
Rubinzal - Culzoni,
2013.
|
| Edición: | 1a. ed. |
| Materias: | |
| Etiquetas: |
Agregar Etiqueta
Sin Etiquetas, Sea el primero en etiquetar este registro!
|
| LEADER | 00505nam a22001575a 4500 | ||
|---|---|---|---|
| 001 | DER.der013948 | ||
| 008 | 190904s2013####ag#||||||||||||||#||spa|| | ||
| 005 | 20250613172702.0 | ||
| 245 | 1 | 0 | |a Delitos empresariales : |b imputación a las personas físicas / |c Marco Antonio Terragni. |
| 250 | |a 1a. ed. | ||
| 260 | |a Santa Fe : |b Rubinzal - Culzoni, |c 2013. | ||
| 300 | |a 248 p. | ||
| 020 | |a 9789873004155 | ||
| 100 | 1 | |a Terragni, Marco Antonio | |
| 650 | 7 | |a DERECHO PROCESAL PENAL | |
| 859 | |a DERECHO |b BIB. DERECHO |h 345 |i TER |p 009105 | ||
